000 00667nam a2200205 a 4500
001 000023959
005 20200930022612.0
008 110117s1997 ve abc r 000 0 spa d
020 _a9803540432
040 _aDO-SdBNP
_bspa
_cBNPHU
082 _axxxxx
_bS479a
100 1 _aSequera, Armando José
_949285
245 1 0 _aAgenda del petróleo en Venezuela /
_cArmando José Sequera.
260 _aCaracas :
_bAlfadil,
_c1997.
300 _a64 p. :
_bil., mapas., retrs. ;
_c20 cm.
490 1 _aAmeritextos ;
_v17 ;
500 _aIncluye referencia biográfica del autor en la contracubierta.
590 _aInventariado, 2019/ YL
830 0 _aAmeritextos ;
_n17
_949286
999 _c23455
_d23455